000
00301nam a2200097Ia 4500
082
_a
306.7 DILL
245
0
_a
Love by numbers : the hidden facts behind everyone's relationships
100
_a
Dillner, Luisa London, 2009
_9
74032
942
_c
BK
008
210817s9999 xx 000 0 und d
999
_c
425273
_d
425272